USA Quiz #1 - Statistics

General Stats
  • This quiz has been taken 21 times
  • The average score is 7 of 15
Answer Stats
Question Answer % Correct
Which state did the United States purchase from Russia? Alaska
94%
Which is the largest state in the New England region of the United States? Maine
94%
Which state did Edward Kennedy represent as a U.S. Senator? Massachusetts
76%
In which state is the Painted Desert located? Arizona
71%
In which state will you find the natural park known as the Garden of the Gods? Colorado
65%
The crossroads of America" is the motto of which American state? Indiana
59%
What is the American state with the fewest counties? Delaware
41%
In which American city is the Miss America Pageant held annually? Atlantic City
35%
Which was the first state in U.S. to be carved from the Northwest Territory? Ohio
35%
In which American city was the world’s first domed air-conditioned indoor stadium built? Houston
29%
What is the largest river that flows into the Pacific Ocean from North America? Columbia River
24%
What is the highest civilian award given in the United States? Presidential Medal of Freedom
24%
American writer Henry David Thoreau immortalized which pond in Massachusetts? Walden Pond
24%
What was the first zoo in the United States? Philadelphia Zoo
12%
Who designed the most famous Uncle Sam "I Want You" poster? James Montgomery Flagg
6%
No matching quizzes found
Score Distribution
Percent of People with Each Score
Percentile by Number Answered
Your Score History
You have not taken this quiz